000 00608nam a2200241Ia 4500
003 OSt
005 20220918194754.0
006 a|||||r|||| 00| 0
007 ta
008 220917b |||||||| |||| 00| 0 eng d
024 _a81,500
037 _cTextual
040 _aARTS
_cARTS
_beng
041 _2eng
_aeng
082 _aS:7:6z7, L01
100 _aSemeonoff Boris ed
_987001
245 0 _aPersonality assessment
_b selected readings
250 _a2nd
260 _c1970
650 _aPSYCHOLOGY
942 _hS:7:6z7, L01
_cTEXL
_2CC
999 _c205222
_d205222